000 00924nam a2200265Ia 4500
003 OSt
005 20220930072742.0
006 a|||||r|||| 00| 0
007 ta
008 220926b |||||||| |||| 00| 0 eng d
024 _a24867
037 _cTheses
040 _aCRL
_cCRL
_beng
041 _2eng
_aeng
100 _aAshok Kumar
110 _aUniversity of Delhi. Faculty of Medical Sciences. Department of Surgery
245 0 _aCorrelation of physical examination vs mammography vs ultrasound scanning vs fine needle aspiration cytology findings with operative biopsy findings in cases of palpable breast masses
260 _c1998
300 _a89p.
_ap.
_ccm.
650 _aSURGERY
700 _a Dr L S Vohra Supervisor
_9530159
700 _aUniversity of Delhi. Faculty of Medical Sciences. Department of Surgery
942 _cDIS
_2CC
999 _c864269
_d864269